00274nam a22001097a 4500082001600000100001900016245002300035260003300058300002800091526003700119650000800156 a355.02bALL aAllen, Kenneth aSoldiers in battle aLondonbOdhams Books Limited a175 p. :bill . :c6 Cm a0b0c0d355_020000000000000_ALL aMCE